Sila zlozvyku Šokujúca biológia našich závislostí
Saved in:
| Main Author | |
|---|---|
| Format | Electronic eBook |
| Language | Czech |
| Published |
Grada SK
2025
|
| Edition | 1. elektronické vydání |
| Subjects | |
| Online Access | Dostupné v BOOKPORT po přihlášení pomocí eduID |
| ISBN | 978-80-8305-216-1 978-80-8305-214-7 |
| Physical Description | 1 online zdroj (208 stran) |
| LEADER | 00000nam a2200000 i 4500 | ||
|---|---|---|---|
| 001 | bkp100456 | ||
| 003 | CZ-prgp | ||
| 005 | 20251217110633.0 | ||
| 006 | m o d | ||
| 007 | cr cn | ||
| 008 | 251217s2025 xr o 000 0 cze | ||
| 020 | |a 978-80-8305-216-1 |c 425 Kč |q (online ; epub) | ||
| 020 | |a 978-80-8305-214-7 |c 500 Kč |q (print) | ||
| 040 | |a Grada |b cze |e rda | ||
| 100 | 1 | |a Brendborg, Nicklas | |
| 245 | 1 | 0 | |a Sila zlozvyku |b Šokujúca biológia našich závislostí |c Nicklas Brendborg |
| 250 | |a 1. elektronické vydání | ||
| 264 | 1 | |b Grada SK |c 2025 | |
| 300 | |a 1 online zdroj (208 stran) | ||
| 336 | |a text |b txt |2 rdacontent | ||
| 337 | |a počítač |b c |2 rdamedia | ||
| 338 | |a online zdroj |b cr |2 rdacarrier | ||
| 520 | 3 | |a Pre všetkých, ktorí chcú pochopiť biologickú podstatu súčasných zlozvykov, a zabrániť, aby sa z nich stali závislosti. | |
| 650 | 0 | 4 | |a Psychologie pro každého |
| 650 | 0 | 4 | |a Životní styl |
| 650 | 0 | 4 | |a Přírodní vědy |
| 856 | 4 | 0 | |u https://www.bookport.cz/AccountSaml/SignIn/?idp=https://shibboleth.utb.cz/idp/shibboleth&returnUrl=/kniha/sila-zlozvyku-15495/ |y Dostupné v BOOKPORT po přihlášení pomocí eduID |